000 00604nam a2200241 i 4500
001 C2-0247144
003 PPAK
005 20180727211753.0
008 030326s1996 enk |||| ||||| | eng d
020 _a0552139912
040 _aPPAK
_beng
_cPPAK
_erda
082 0 4 _a823
_223
090 0 0 _a823
_bFOR
_dG
100 1 _aForsyth, Frederick,
_eauthor
245 1 0 _aIcon
264 1 _aBritain :
_bBantam Press ,
_c1996
300 _a541 pages ;
_c18 cm
336 _2rdacontent
_atext
337 _2rdamedia
_aunmediated
338 _2rdacarrier
_avolume
650 1 0 _aEnglish fiction
942 _ddc
_cB
999 _c61030
_d61030